Critical thinking across the curriculum: A Brief edition of though and knowledge (Record no. 1398462)

MARC details
000 -LEADER
fixed length control field 00615nam a2200205Ia 4500
005 - DATE AND TIME OF LATEST TRANSACTION
control field 20250508165953.0
008 - FIXED-LENGTH DATA ELEMENTS--GENERAL INFORMATION
fixed length control field 008 250505s9999 xx 000 0 eng d
020 ## - INTERNATIONAL STANDARD BOOK NUMBER
International Standard Book Number 978-0-631-21753-4
037 ## - SOURCE OF ACQUISITION
Stock number TextBook
040 ## - CATALOGING SOURCE
Original cataloging agency FEDL
Language of cataloging eng
Transcribing agency FEDL
041 ## - LANGUAGE CODE
Language code of text/sound track or separate title eng
Source of code eng
084 ## - COLON CLASSIFICATION NUMBER
Classification number 153, HAL/R
Assigning agency FEDL
100 ## - MAIN ENTRY--PERSONAL NAME
Personal name Halpern Diane F
245 #0 - TITLE STATEMENT
Title Critical thinking across the curriculum: A Brief edition of though and knowledge
260 ## - PUBLICATION, DISTRIBUTION, ETC.
Place of publication, distribution, etc. New Jeresy, USA
Name of publisher, distributor, etc. Lawrence Erlbaum Associates
Date of publication, distribution, etc. 1997
300 ## - PHYSICAL DESCRIPTION
Extent viii, 284p.
365 ## - TRADE PRICE
Price type code INR
Price amount 589
942 ## - ADDED ENTRY ELEMENTS (KOHA)
Koha item type Textbook
Classification part 153, HAL/R
Holdings
Withdrawn status Lost status Damaged status Not for loan Home library Current library Date acquired Cost, normal purchase price Total Checkouts Full call number Barcode Date last seen Price effective from Koha item type
        Department of Education Library Department of Education Library 2025-05-08 589.00   153, HAL/R EL0092123 2025-05-08 2025-05-08 Textbook
Copyright @ Delhi University Library System